Vista normal
Vista MARC
Entrada Personal Name
Número de registros utilizados en: 2
001 - CONTROL NUMBER
- control field: 12879
003 - CONTROL NUMBER IDENTIFIER
- control field: DLC
005 - DATE AND TIME OF LATEST TRANSACTION
- control field: 20260504152822.0
008 - FIXED-LENGTH DATA ELEMENTS
- fixed length control field: 801124n| acannaabn |a aaa
010 ## - LIBRARY OF CONGRESS CONTROL NUMBER
- LC control number: n 80151989
035 ## - SYSTEM CONTROL NUMBER
- System control number: (OCoLC)oca00531988
040 ## - CATALOGING SOURCE
- Original cataloging agency: DLC
- Language of cataloging: spa
- Transcribing agency: Mx-PuUPA
- Modifying agency: OCoLC
- Modifying agency: MX-SlUA
- Modifying agency: Mx-PuUPA
- Description conventions: rda
373 ## - ASSOCIATED GROUP
- Associated group: Escuela Superior de Comercio y Administración del Instituto Politécnico Nacional
374 ## - OCCUPATION
- Occupation: Autor
- Occupation: Contador público
375 ## - GENDER
- Gender: hombre
377 ## - ASSOCIATED LANGUAGE
- Language code: spa
670 ## - SOURCE DATA FOUND
- Source citation: His Las finanzas en la empresa, 1979:
- Information found: t.p. (Joaquín Moreno Fernández)
670 ## - SOURCE DATA FOUND
- Source citation: Las finanzas en las empresas, c2007:
- Information found: t.p. (Joaquín Moreno Fernández) cover (Joaquín A. Moreno Fernández)